000 00599nam a2200241Ia 4500
003 OSt
005 20221005123826.0
006 a|||||r|||| 00| 0
007 ta
008 221004b |||||||| |||| 00| 0 eng d
024 _a71979
037 _cTextual
040 _aCRL
_cCRL
_beng
041 _2eng
_aeng
082 _aV435:1:N4, H5
100 _aRawlings G. S.
_9634275
245 0 _aMalaya
260 _c1945
490 _aOxford pamphlets on Indian Affairs; 29
650 _aHISTORY
942 _hV435:1:N4, H5
_cTEXL
_2cc
999 _c1048618
_d1048618